00285nam a2200121Ia 4500008004100000082001500041100001300056245001700069260003600086300000700122630001700129730001700146100122s9999 xx 000 0 und d b26865a823 aTHOMAS V aJATAKA TALES bALLAHABAD ST PAUL SOCIETYc1976 a66 aJATAKA TALES aJATAKA TALES